000 00844cam a22002531 4500
001 gs 63000003
003 DLC
005 20260227111412.0
008 720321s1962 xx 000 0 eng
010 _ags 63000003
035 _a(OCoLC)268260
040 _aDLC
_cOAkU
_dDLC
050 0 0 _aQE185
_b.A2 no. 323
051 _aQE199
_b.R4
100 1 _aRiley, George C.
245 1 0 _aStephenville map-area, Newfoundland.
260 _a[Ottawa]
_bDept. of Mines and Technical Surveys, Canada
_c[1962]
300 _axvi, 72 p.
_bfront., maps (2 fold. col. in pocket) tables.
410 2 0 _aGeological Survey of Canada.
_tMemoir
_v323
500 _aAbstract in English and French.
504 _aBibliography: p. 58-59.
650 0 _aGeology
_zNewfoundland and Labrador
_zStephenville area.
650 0 _aGeology
_zNewfoundland and Labrador
_xMaps.
999 _c29660
_d29660